Sakkaron (Record no. 1091118)

MARC details
000 -LEADER
fixed length control field 00881nam a2200289Ia 4500
003 - CONTROL NUMBER IDENTIFIER
control field OSt
005 - DATE AND TIME OF LATEST TRANSACTION
control field 20221006151707.0
008 - FIXED-LENGTH DATA ELEMENTS--GENERAL INFORMATION
fixed length control field 221006b |||||||| |||| 00| 0 jpn d
037 ## - SOURCE OF ACQUISITION
Terms of availability Textual
040 ## - CATALOGING SOURCE
Original cataloging agency EASL
Transcribing agency EASL
Language of cataloging jpn
041 ## - LANGUAGE CODE
Source of code jpn
Language code of text/sound track or separate title jpn
100 ## - MAIN ENTRY--PERSONAL NAME
Personal name MISHIMA Yukio
245 #0 - TITLE STATEMENT
Title Sakkaron
260 ## - PUBLICATION, DISTRIBUTION, ETC.
Place of publication, distribution, etc. Tokyo
Name of publisher, distributor, etc. Chuokoronsha Japan
Date of publication, distribution, etc. 1974
300 ## - PHYSICAL DESCRIPTION
Extent 224p.
Dimensions cm.
490 ## - SERIES STATEMENT
Volume/sequential designation JL
500 ## - GENERAL NOTE
General note Book has: Mori Ogai ; Ozaki Koyo ; Izumi Kyoka ; Tanizaki Junichiro ; Uchida Hyakkan ; Makino Shinichi ; Inagaki Ashiho ; Tomura Shigeru ; Uebayashi Akira
650 ## - SUBJECT ADDED ENTRY--TOPICAL TERM
Topical term or geographic name entry element Mori Ogai
9 (RLIN) 659818
650 ## - SUBJECT ADDED ENTRY--TOPICAL TERM
Topical term or geographic name entry element JL
942 ## - ADDED ENTRY ELEMENTS (KOHA)
Classification part O42,3x, L4
Koha item type Textual
Source of classification or shelving scheme Colon Classification (CC)
Holdings
Withdrawn status Lost status Source of classification or shelving scheme Damaged status Not for loan Home library Current library Date acquired Source of acquisition Serial Enumeration / chronology Total Checkouts Full call number Barcode Date last seen Price effective from Koha item type
    Colon Classification (CC)     Department of East Asian Studies Library Department of East Asian Studies Library 2022-10-06 Gift, Japan Foundation JL   O42,3x L4 EA0557031 2022-10-06 2022-10-06 Textual
Copyright @ Delhi University Library System